Statistics for Countries with Unique Neighbour on the Atlantic

Click here to take the quiz!

General Stats

  • This quiz has been taken 78 times
  • The average score is 17 of 23

Answer Stats

Country% Correct
Lesotho
84%
Swaziland
84%
Zimbabwe
83%
Mozambique
79%
South Africa
79%
Democratic Republic of the Congo
78%
Italy
78%
Burundi
76%
Russia
76%
Rwanda
76%
Uganda
75%
China
73%
Vatican City
73%
San Marino
71%
Tanzania
71%
Kazakhstan
70%
Mongolia
70%
Turkey
67%
North Korea
65%
South Sudan
63%
Colombia
60%
Iran
59%
Ecuador
56%

Score Distribution

Percentile by Number Answered

Percent of People with Each Score

Your Score History

You have not taken this quiz